UK Commercial developers directory (Record no. 108505)

MARC details
000 -LEADER
fixed length control field 01264cam a22002415a 4500
001 - CONTROL NUMBER
control field L144427
008 - FIXED-LENGTH DATA ELEMENTS--GENERAL INFORMATION
fixed length control field 080717s2008 xxkad f 000 0 eng d
035 ## - SYSTEM CONTROL NUMBER
System control number (Sirsi) u144427
041 0# - LANGUAGE CODE
Language code of text/sound track or separate title eng
050 04 - LIBRARY OF CONGRESS CALL NUMBER
Classification number 333.33 $2 18
110 2# - MAIN ENTRY--CORPORATE NAME
Corporate name or jurisdiction name as entry element Property Data Limited
9 (RLIN) 3654
245 00 - TITLE STATEMENT
Title UK Commercial developers directory
Remainder of title 2008 edition
260 ## - PUBLICATION, DISTRIBUTION, ETC.
Place of publication, distribution, etc. Eccceleshall
Name of publisher, distributor, etc. Property Data Limited
Date of publication, distribution, etc. 2008
300 ## - PHYSICAL DESCRIPTION
Extent 1v.
Dimensions 30cm.+
Accompanying material 1 CD-ROM
350 ## - PRICE (NR) (BK AM CF MU VM SE) [OBSOLETE]
Price 335
505 2# - FORMATTED CONTENTS NOTE
Formatted contents note The UK commercial developers league table -- Commercial developer profiles A-Z listing -- UK commercial development pipeline -- UK commercial development schedule
520 ## - SUMMARY, ETC.
Summary, etc. Includes a table showing the leading 200 UK commercial developers ranked by total square footage of current/proposed schemes. The listing provides details on over 1 400 UK commercial property developers including contact details, names of directors and thumbnail sketches of recent activities. Details current and proposed UK development schemes by sector and company. Lists current and proposed UK commercial schemes by geographical area (towns and cities).
521 20 - TARGET AUDIENCE NOTE
Target audience note Advanced
590 ## - LOCAL NOTE (RLIN)
Local note KA
651 #4 - SUBJECT ADDED ENTRY--GEOGRAPHIC NAME
Geographic name United Kingdom
Chronological subdivision
690 ## - LOCAL SUBJECT ADDED ENTRY--TOPICAL TERM (OCLC, RLIN)
Topical term or geographic name as entry element PROPERTY-COMMERCIAL PROPERTY-COMMERCIAL PROPERTY DEVELOPMENT
942 ## - ADDED ENTRY ELEMENTS (KOHA)
Suppress in OPAC 0
Holdings
Withdrawn status Lost status Source of classification or shelving scheme Damaged status Not for loan Home library Current library Shelving location Date acquired Total Checkouts Full call number Barcode Date last seen Copy number Price effective from Koha item type
    Dewey Decimal Classification     London London Enquiry desk 17/07/2008   333.33 UKC 30071160 06/08/2019 1 06/08/2019 Reference material